000 01318nam a22003377a 4500
003 CHAP
005 20220329133834.0
008 971013s1983 r 00010 d
010 _a11616
011 _a12588
035 _a15774
040 _cCHAP
082 _a636.085072
_bM3
245 _aManual de laboratorio para análisis de ingredientes utilizados en la alimentacion animal
260 _aPalo Alto, D. F. :
_bPatronato de Apoyo a la Investigación y Experimentación Pecuaria en México,
_c1983
300 _a387 p.
500 _aD14-210
590 _aBATCH-UPD
_b10
_c20130109
_lUCH01
_h2336
590 _aBATCH-UPD
_b10
_c20130110
_lUCH01
_h2330
590 _aBATCH-UPD
_b10
_c20130409
_lUCH01
_h1903
590 _aBATCH-UPD
_b10
_c20130410
_lUCH01
_h1620
590 _aBATCH-UPD
_b10
_c20130914
_lUCH01
_h0232
590 _aCONVERSION
_b10
_c20130109
_lUCH01
_h1308
650 1 4 _aAlimentos y alimentación del ganado
_xManuales de laboratorio.
_94340
700 0 _aTejeda de Hernández, Irma.
_9112021
901 _aBK
942 _cLIBRO
949 _a636.085072 M3
_bBC
_cLIBRO
_d33724000902292
_eLIBRO
_fc.2
_gI.c/e
_h71847
_i15774
_si
_t4.46
949 _a636.085072 M3
_bBC
_cLIBRO
_d33724002164165
_eLIBRO
_fc.3
_gI.c/e
_h112236
_i15774
_sb
949 _a636.085072 M3
_bBC
_cMUT
_d-27983
_eMUT
_gI.c/e
_h71846
_i15774
_si
_t4.46
999 _c11616
_d11616